| 000 | 00621nam a2200193 i 4500 | ||
|---|---|---|---|
| 001 | 70195 | ||
| 003 | ES-MaACL | ||
| 005 | 20250809044708.0 | ||
| 007 | t| | ||
| 008 | 040720s1981 sp ||||1| spa d | ||
| 100 | 1 |
_aGarcía-Perrote Escartín, Ignacio. _955115 |
|
| 245 | 1 | 3 |
_aLa huelga con ocupación de lugar de trabajo / _cIgnacio García-Perrote Escartín. |
| 260 |
_a[Madrid] : _bAkal, _c[1981] |
||
| 300 |
_a148 p. ; _c22 cm. |
||
| 490 | 1 |
_aAkal universitaria. Serie Derecho ; _v21 |
|
| 830 | 0 | 0 |
_aAkal universitaria. _pDerecho _v21 _9231028 |
| 852 |
_aES-MaACL _jL-1205 _bR.101796 |
||
| 999 |
_c70195 _d70195 |
||